| 000 | 01193nam a2200313 a 4500 | ||
|---|---|---|---|
| 001 | 000112904 | ||
| 003 | CHAP | ||
| 005 | 20220329144327.0 | ||
| 008 | 170209s2016 mx sm |||||||spa d | ||
| 010 | _a109365 | ||
| 011 | _a110337 | ||
| 040 | _cCHAP | ||
| 090 | _aTesis | ||
| 100 | 1 |
_aPérez Sánchez, Teresa _9131458 |
|
| 245 | 1 | 0 |
_aDeterminación de la productividad en el aserradero "Plan Maestro Los Ocotones" en Cintalapa de Figueroa, Chiapas _h[En línea] _cpor Teresa Pérez Sánchez. |
| 260 |
_aChapingo, Méx. : _bEl autor, _c2016. |
||
| 500 | _aPara ver el contenido del material haga clic en la liga | ||
| 502 | _aTesis (Ing. Forestal Industrial) -- UACH. División de Ciencias Forestales | ||
| 590 |
_aE11695DGD _b10 _c20170210 _lUCH01 _h1000 |
||
| 590 |
_aE5765TAJ _b05 _c20170209 _lUCH01 _h0923 |
||
| 590 |
_aE5765TAJ _b05 _c20170209 _lUCH01 _h0924 |
||
| 650 | 1 | 4 |
_aAserraderos _xControl de calidad. _9131461 |
| 650 | 1 | 4 |
_aMadera aserrada _xAprovechamiento. _9131459 |
| 650 | 1 | 4 |
_aMadera aserrada _xProcesos de manufactura _xEvaluación. _9131460 |
| 856 |
_aFinding aid _uhttp://10.13.5.2/tesis/sist112904.pdf _zTeclea aquí |
||
| 901 | _aBK | ||
| 942 | _cTESIS | ||
| 942 | _n0 | ||
| 999 |
_c109365 _d109365 |
||